Worst case scenario: anticipating contractor insolvency - lessons from recent cases (Record no. 117271)

MARC details
000 -LEADER
fixed length control field 01967cam a2200337 4500
001 - CONTROL NUMBER
control field ABS67687
008 - FIXED-LENGTH DATA ELEMENTS--GENERAL INFORMATION
fixed length control field 040429n2004 000 0 eng u
035 ## - SYSTEM CONTROL NUMBER
System control number (Sirsi) u126057
100 ## - MAIN ENTRY--PERSONAL NAME
Personal name Baker, E.
245 ## - TITLE STATEMENT
Title Worst case scenario: anticipating contractor insolvency - lessons from recent cases
260 ## - PUBLICATION, DISTRIBUTION, ETC.
Date of publication, distribution, etc. 2004
490 ## - SERIES STATEMENT
Series statement Construction Law Journal
Volume/sequential designation 20(2) 2004, 58-70(13)
520 ## - SUMMARY, ETC.
Summary, etc. Comments on recent case law as part of the contractor insolvency process. Highlights that one of the client's main concerns, in the event of contractor insolvency, will be getting the job finished. Clauses in most UK construction and engineering contracts generally make provision for this eventuality. This often takes the form of making provision to give the employer rights over the contractor's plant, including the right to use it to complete the contract and to sell it. Problems arise if these provisions fail, as in "Coslett (Contractors) Ltd's Administrator v Bridgend BC" ([2001] UKHL 58, [2002] IAC 336). Cash-flow problems can also result when a contractor fails, as in "Actionstrength Ltd v International Glass Engineering INGL EN SpA and another" ([2003] UKHL 17, Abs66760)
590 ## - LOCAL NOTE (RLIN)
Local note ABS
590 ## - LOCAL NOTE (RLIN)
Local note ABS
650 ## - SUBJECT ADDED ENTRY--TOPICAL TERM
Topical term or geographic name entry element COSLETT (CONTRACTORS) LTD'S ADMINISTRATOR V BRIDGEND BC
650 ## - SUBJECT ADDED ENTRY--TOPICAL TERM
Topical term or geographic name entry element ACTIONSTRENGTH LTD V INTERNATIONAL GLASS ENGINEERING INGL EN SPA AND ANOTHER
650 ## - SUBJECT ADDED ENTRY--TOPICAL TERM
Topical term or geographic name entry element INSOLVENCY ACT 1986
650 ## - SUBJECT ADDED ENTRY--TOPICAL TERM
Topical term or geographic name entry element BRITISH EAGLE V AIR FRANCE
650 ## - SUBJECT ADDED ENTRY--TOPICAL TERM
Topical term or geographic name entry element RE WILKINSON EX P FOWLER
650 ## - SUBJECT ADDED ENTRY--TOPICAL TERM
Topical term or geographic name entry element RE TOUT AND FINCH LTD
650 ## - SUBJECT ADDED ENTRY--TOPICAL TERM
Topical term or geographic name entry element MULLAN & SONS (CONTRACTORS) LIMITED V ROSS AND ANOTHER
650 ## - SUBJECT ADDED ENTRY--TOPICAL TERM
Topical term or geographic name entry element HOUSING GRANTS, CONSTRUCTION AND REGENERATION ACT 1996
650 ## - SUBJECT ADDED ENTRY--TOPICAL TERM
Topical term or geographic name entry element PALMERS LTD V A B B POWER CONSTRUCTION LTD
650 ## - SUBJECT ADDED ENTRY--TOPICAL TERM
Topical term or geographic name entry element STRATHMORE BUILDING SERVICES LTD V COLIN SCOTT GREIG
650 ## - SUBJECT ADDED ENTRY--TOPICAL TERM
Topical term or geographic name entry element CASH FLOW
650 ## - SUBJECT ADDED ENTRY--TOPICAL TERM
Topical term or geographic name entry element Insolvency
9 (RLIN) 6247
690 ## - LOCAL SUBJECT ADDED ENTRY--TOPICAL TERM (OCLC, RLIN)
Topical term or geographic name as entry element BUILDING AND CONSTRUCTION-CONTRACTS
700 ## - ADDED ENTRY--PERSONAL NAME
Personal name Lavers, A.
942 ## - ADDED ENTRY ELEMENTS (KOHA)
Suppress in OPAC 0
Holdings
Withdrawn status Lost status Source of classification or shelving scheme Damaged status Not for loan Home library Current library Shelving location Date acquired Total Checkouts Full call number Barcode Date last seen Copy number Price effective from Koha item type
    Dewey Decimal Classification     London London Journal article 29/04/2004   ABS67687 126057-1001 06/08/2019 1 06/08/2019 Journal article